[Event "TIPC 2019 Groupe A"]
[Site ""]
[Date "2019.07.27"]
[Round "1.8"]
[White "Klinova, Masha"]
[Black "Oupindrin, Narayanin"]
[Result "1-0"]
[WhiteTitle "WGM"]
[WhiteElo "2269"]
[BlackElo "2056"]

1. e4 {[%clk 01:30:57]} {[%emt 00:36:09]} c5 {[%clk 01:30:51]} {[%emt
00:00:08]} 2. Nf3 {[%clk 01:31:22]} {[%emt 00:00:05]} d6 {[%clk 01:31:01]}
{[%emt 00:00:20]} 3. Bb5+ {[%clk 01:31:48]} {[%emt 00:00:06]} Nd7 {[%clk
01:31:05]} {[%emt 00:00:25]} 4. O-O {[%clk 01:32:11]} {[%emt 00:00:06]} Ngf6
{[%clk 01:30:53]} {[%emt 00:00:42]} 5. Re1 {[%clk 01:32:36]} {[%emt 00:00:05]}
a6 {[%clk 01:28:37]} {[%emt 00:02:46]} 6. Bf1 {[%clk 01:32:52]} {[%emt
00:00:14]} e6 {[%clk 01:27:24]} {[%emt 00:01:43]} 7. a4 {[%clk 01:32:14]}
{[%emt 00:01:08]} b6 {[%clk 01:23:49]} {[%emt 00:04:06]} 8. c4 {[%clk
01:28:21]} {[%emt 00:04:23]} Bb7 {[%clk 01:21:58]} {[%emt 00:02:21]} 9. Nc3
{[%clk 01:28:46]} {[%emt 00:00:05]} Be7 {[%clk 01:20:55]} {[%emt 00:01:32]} 10.
d4 {[%clk 01:29:10]} {[%emt 00:00:06]} cxd4 {[%clk 01:12:06]} {[%emt 00:09:19]}
11. Nxd4 {[%clk 01:29:27]} {[%emt 00:00:14]} O-O {[%clk 01:10:26]} {[%emt
00:02:09]} 12. f3 {[%clk 01:28:32]} {[%emt 00:01:26]} Rc8 {[%clk 01:07:44]}
{[%emt 00:03:12]} 13. Be3 {[%clk 01:28:11]} {[%emt 00:00:51]} Ne5 {[%clk
01:05:10]} {[%emt 00:03:03]} 14. b3 {[%clk 01:27:50]} {[%emt 00:08:38]} Qc7
{[%clk 00:57:46]} {[%emt 00:00:09]} 15. Rc1 {[%clk 01:27:48]} {[%emt 00:00:29]}
Nc6 {[%clk 00:50:39]} {[%emt 00:07:37]} 16. Nd5 {[%clk 01:26:37]} {[%emt
00:01:42]} exd5 {[%clk 00:32:55]} {[%emt 00:18:13]} 17. cxd5 {[%clk 01:22:09]}
{[%emt 00:04:58]} Qd7 {[%clk 00:32:42]} {[%emt 00:00:44]} 18. dxc6 {[%clk
01:21:37]} {[%emt 00:01:02]} Bxc6 {[%clk 00:33:00]} {[%emt 00:00:11]} 19. Bxa6
{[%clk 01:16:29]} {[%emt 00:05:39]} Bb7 {[%clk 00:33:19]} {[%emt 00:00:10]} 20.
Bb5 {[%clk 01:16:45]} {[%emt 00:00:15]} Qd8 {[%clk 00:33:13]} {[%emt 00:00:36]}
21. Rxc8 {[%clk 01:16:19]} {[%emt 00:00:56]} Qxc8 {[%clk 00:31:34]} {[%emt
00:02:08]} 22. Nf5 {[%clk 01:16:38]} {[%emt 00:00:11]} Bd8 {[%clk 00:30:15]}
{[%emt 00:01:49]} 23. Nxd6 {[%clk 01:16:10]} {[%emt 00:00:58]} Qc7 {[%clk
00:29:19]} {[%emt 00:01:26]} 24. Nxb7 {[%clk 01:08:00]} {[%emt 00:08:42]} Qxb7
{[%clk 00:29:33]} {[%emt 00:00:14]} 25. Qd2 {[%clk 01:08:05]} {[%emt 00:00:25]}
Be7 {[%clk 00:29:26]} {[%emt 00:00:36]} 26. Qf2 {[%clk 01:07:25]} {[%emt
00:01:11]} Rb8 {[%clk 00:28:33]} {[%emt 00:01:23]} 27. Rd1 {[%clk 01:07:37]}
{[%emt 00:00:19]} h6 {[%clk 00:28:42]} {[%emt 00:00:21]} 28. g3 {[%clk
01:05:07]} {[%emt 00:03:01]} Rd8 {[%clk 00:28:23]} {[%emt 00:00:48]} 29. Rxd8+
{[%clk 01:05:12]} {[%emt 00:00:25]} Bxd8 {[%clk 00:28:46]} {[%emt 00:00:07]} 30.
Qd2 {[%clk 01:04:23]} {[%emt 00:01:19]} Be7 {[%clk 00:28:50]} {[%emt 00:00:26]}
31. Kg2 {[%clk 01:04:34]} {[%emt 00:00:19]} Qc7 {[%clk 00:28:35]} {[%emt
00:00:45]} 32. Bc4 {[%clk 01:01:42]} {[%emt 00:03:22]} Bd6 {[%clk 00:28:15]}
{[%emt 00:00:51]} 33. Bb5 {[%clk 00:58:52]} {[%emt 00:03:19]} h5 {[%clk
00:27:34]} {[%emt 00:01:11]} 34. Bg5 {[%clk 00:57:11]} {[%emt 00:02:12]} Nh7
{[%clk 00:26:46]} {[%emt 00:01:17]} 35. Be3 {[%clk 00:55:03]} {[%emt 00:02:38]}
h4 {[%clk 00:24:46]} {[%emt 00:02:30]} 36. Qf2 {[%clk 00:54:55]} {[%emt
00:00:38]} hxg3 {[%clk 00:24:09]} {[%emt 00:01:07]} 37. hxg3 {[%clk 00:55:16]}
{[%emt 00:00:10]} Bc5 {[%clk 00:24:14]} {[%emt 00:00:24]} 38. Bxc5 {[%clk
00:55:08]} {[%emt 00:00:38]} bxc5 {[%clk 00:24:35]} {[%emt 00:00:09]} 39. Qd2
{[%clk 00:54:54]} {[%emt 00:00:44]} Nf6 {[%clk 00:24:49]} {[%emt 00:00:16]} 40.
Bc4 {[%clk 00:53:43]} {[%emt 00:01:42]} Nd7 {[%clk 00:23:18]} {[%emt 00:02:01]}
41. a5 {[%clk 00:52:44]} {[%emt 00:01:29]} Ne5 {[%clk 00:23:33]} {[%emt
00:00:14]} 42. a6 {[%clk 00:52:52]} {[%emt 00:00:22]} Nc6 {[%clk 00:23:02]}
{[%emt 00:01:01]} 43. Qd5 {[%clk 00:52:27]} {[%emt 00:00:55]} Na7 {[%clk
00:22:58]} {[%emt 00:00:34]} 44. Qa8+ {[%clk 00:50:59]} {[%emt 00:01:58]} Kh7
{[%clk 00:22:35]} {[%emt 00:00:52]} 45. Qb7 {[%clk 00:50:43]} {[%emt 00:00:47]}
Qd6 {[%clk 00:22:42]} {[%emt 00:00:23]} 46. Qxf7 {[%clk 00:48:00]} {[%emt
00:03:13]} Qd2+ {[%clk 00:22:59]} {[%emt 00:00:13]} 47. Kh3 {[%clk 00:48:10]}
{[%emt 00:00:19]} Qh6+ {[%clk 00:21:48]} {[%emt 00:01:42]} 48. Kg4 {[%clk
00:48:31]} {[%emt 00:00:08]} 1-0

[Event "TIPC 2019 Groupe A"]
[Site ""]
[Date "2019.07.27"]
[Round "1.31"]
[White "Roos, David"]
[Black "Moeman, Thomas"]
[Result "1-0"]
[WhiteElo "2114"]
[BlackElo "1931"]


1. e4 {[%clk 01:30:58]} c5 {[%clk 01:30:53]} {[%emt 00:00:07]} 2. Nf3 {[%clk
01:31:24]} {[%emt 00:00:05]} e6 {[%clk 01:31:18]} {[%emt 00:00:05]} 3. d4
{[%clk 01:31:52]} {[%emt 00:00:03]} cxd4 {[%clk 01:31:42]} {[%emt 00:00:06]} 4.
Nxd4 {[%clk 01:32:18]} {[%emt 00:00:04]} Nc6 {[%clk 01:32:06]} {[%emt
00:00:06]} 5. Nc3 {[%clk 01:32:45]} {[%emt 00:00:03]} Qc7 {[%clk 01:32:30]}
{[%emt 00:00:06]} 6. Be2 {[%clk 01:33:12]} {[%emt 00:00:03]} Nf6 {[%clk
01:32:43]} {[%emt 00:00:16]} 7. Be3 {[%clk 01:33:34]} {[%emt 00:00:08]} a6
{[%clk 01:32:06]} {[%emt 00:01:07]} 8. a3 {[%clk 01:33:58]} {[%emt 00:00:06]}
Be7 {[%clk 01:32:07]} {[%emt 00:00:29]} 9. f4 {[%clk 01:33:49]} {[%emt
00:00:39]} d6 {[%clk 01:31:28]} {[%emt 00:01:08]} 10. g4 {[%clk 01:34:14]}
{[%emt 00:00:05]} Nd7 {[%clk 01:27:34]} {[%emt 00:04:24]} 11. g5 {[%clk
01:30:33]} {[%emt 00:04:12]} h6 {[%clk 01:25:18]} {[%emt 00:02:46]} 12. h4
{[%clk 01:23:59]} {[%emt 00:07:04]} hxg5 {[%clk 01:11:09]} {[%emt 00:14:38]} 13.
fxg5 {[%clk 01:21:01]} {[%emt 00:03:28]} d5 {[%clk 01:02:34]} {[%emt 00:09:06]}
14. exd5 {[%clk 01:15:51]} {[%emt 00:05:39]} exd5 {[%clk 00:37:02]} {[%emt
00:26:02]} 15. Nf5 {[%clk 01:07:15]} {[%emt 00:09:06]} d4 {[%clk 00:30:45]}
{[%emt 00:06:48]} 16. Nxd4 {[%clk 01:01:19]} {[%emt 00:06:26]} Bd6 {[%clk
00:18:20]} {[%emt 00:12:55]} 17. Ne4 {[%clk 00:53:57]} {[%emt 00:07:52]} Bf4
{[%clk 00:17:02]} {[%emt 00:01:49]} 18. Qd2 {[%clk 00:42:14]} {[%emt 00:12:13]}
Bxe3 {[%clk 00:09:01]} {[%emt 00:08:31]} 19. Qxe3 {[%clk 00:42:30]} {[%emt
00:00:14]} O-O {[%clk 00:07:48]} {[%emt 00:01:43]} 20. O-O-O {[%clk 00:32:22]}
{[%emt 00:10:38]} Re8 {[%clk 00:06:05]} {[%emt 00:02:14]} 21. g6 {[%clk
00:26:10]} {[%emt 00:06:43]} Nde5 {[%clk 00:05:30]} {[%emt 00:01:05]} 22. gxf7+
{[%clk 00:25:00]} {[%emt 00:01:40]} Kxf7 {[%clk 00:04:36]} {[%emt 00:01:24]} 23.
Bh5+ {[%clk 00:22:46]} {[%emt 00:02:44]} g6 {[%clk 00:04:20]} {[%emt 00:00:46]}
24. Qf4+ {[%clk 00:21:41]} {[%emt 00:01:34]} Kg7 {[%clk 00:04:06]} {[%emt
00:00:44]} 25. Qf6+ {[%clk 00:22:05]} {[%emt 00:00:05]} Kh6 {[%clk 00:03:42]}
{[%emt 00:00:54]} 26. Rhg1 {[%clk 00:20:42]} {[%emt 00:01:53]} Ne7 {[%clk
00:01:43]} {[%emt 00:02:29]} 27. Nd6 {[%clk 00:19:17]} {[%emt 00:01:54]} Rg8
{[%clk 00:01:11]} {[%emt 00:01:03]} 28. Qxe5 {[%emt 00:00:22]} 1-0

[Event "TIPC 2019 Groupe A"]
[Site ""]
[Date "2019.07.27"]
[Round "1.9"]
[White "Van Dijck, Bjarne"]
[Black "Sclacmender, Julien"]
[Result "1-0"]
[WhiteElo "2053"]
[BlackElo "2269"]


1. e4 {[%clk 01:30:54]} {[%emt 00:00:22]} c5 {[%clk 01:30:58]} 2. c3 {[%clk
01:31:19]} Nf6 {[%clk 01:31:23]} 3. e5 {[%clk 01:31:45]} Nd5 {[%clk 01:31:51]}
4. d4 {[%clk 01:32:05]} cxd4 {[%clk 01:32:17]} 5. cxd4 {[%clk 01:32:31]} d6
{[%clk 01:32:22]} 6. Nf3 {[%clk 01:32:54]} Nc6 {[%clk 01:32:38]} 7. Bc4 {[%clk
01:32:45]} Nb6 {[%clk 01:29:51]} 8. Bb3 {[%clk 01:33:05]} d5 {[%clk 01:28:17]}
9. Nh4 {[%clk 01:33:24]} e6 {[%clk 01:25:47]} 10. Nf3 {[%clk 01:33:50]} Be7
{[%clk 01:25:18]} 11. Nc3 {[%clk 01:29:33]} Bd7 {[%clk 01:20:44]} 12. O-O
{[%clk 01:28:59]} O-O {[%clk 01:15:18]} 13. Re1 {[%clk 01:22:09]} f6 {[%clk
01:02:56]} 14. exf6 {[%clk 01:10:20]} {[%emt 00:11:55]} Bxf6 {[%clk 01:02:33]}
{[%emt 00:00:53]} 15. Ne2 {[%clk 00:51:25]} {[%emt 00:19:24]} Qe7 {[%clk
00:50:35]} {[%emt 00:12:29]} 16. Nf4 {[%clk 00:46:06]} {[%emt 00:05:48]} Qf7
{[%clk 00:47:57]} {[%emt 00:03:09]} 17. h4 {[%clk 00:39:07]} {[%emt 00:07:32]}
Nxd4 {[%clk 00:31:17]} {[%emt 00:17:07]} 18. Nxd4 {[%clk 00:28:52]} {[%emt
00:10:44]} e5 {[%clk 00:31:37]} {[%emt 00:00:11]} 19. Nde2 {[%clk 00:07:02]}
{[%emt 00:22:19]} exf4 {[%clk 00:31:01]} {[%emt 00:01:06]} 20. Nxf4 {[%clk
00:07:30]} {[%emt 00:00:03]} Bc6 {[%clk 00:27:12]} {[%emt 00:04:19]} 21. h5
{[%clk 00:05:14]} {[%emt 00:02:45]} Nc4 {[%clk 00:19:52]} {[%emt 00:07:51]} 22.
Bc2 {[%clk 00:03:05]} {[%emt 00:02:39]} Ne5 {[%clk 00:07:46]} {[%emt 00:12:36]}
23. Be3 {[%clk 00:02:03]} {[%emt 00:01:32]} Rae8 {[%clk 00:05:58]} {[%emt
00:02:17]} 24. Bd4 {[%clk 00:00:56]} {[%emt 00:01:37]} g5 {[%clk 00:03:58]}
{[%emt 00:02:30]} 25. hxg6 {[%clk 00:01:07]} {[%emt 00:00:19]} Nxg6 {[%clk
00:04:19]} {[%emt 00:00:10]} 26. Nxg6 {[%clk 00:00:41]} {[%emt 00:00:55]} Rxe1+
{[%clk 00:03:53]} {[%emt 00:00:57]} 27. Qxe1 {[%clk 00:01:10]} {[%emt
00:00:01]} hxg6 {[%clk 00:04:16]} {[%emt 00:00:06]} 28. Rd1 {[%clk 00:00:44]}
{[%emt 00:00:56]} Kg7 {[%clk 00:02:43]} {[%emt 00:02:04]} 29. Qc3 {[%clk
00:00:39]} {[%emt 00:00:34]} a6 {[%clk 00:02:17]} {[%emt 00:00:57]} 30. Re1
{[%clk 00:00:41]} {[%emt 00:00:27]} Bxd4 {[%clk 00:01:26]} {[%emt 00:01:21]} 31.
Qxd4+ {[%clk 00:01:10]} {[%emt 00:00:02]} Qf6 {[%clk 00:01:47]} {[%emt
00:00:09]} 32. Qxf6+ {[%clk 00:00:37]} {[%emt 00:01:03]} Kxf6 {[%clk 00:02:09]}
{[%emt 00:00:07]} 33. f3 {[%clk 00:00:50]} {[%emt 00:00:17]} g5 {[%clk
00:02:10]} {[%emt 00:00:29]} 34. Kf2 {[%clk 00:00:52]} {[%emt 00:00:28]} Rh8
{[%clk 00:02:01]} {[%emt 00:00:40]} 35. Re2 {[%clk 00:00:41]} {[%emt 00:00:41]}
Bb5 {[%clk 00:01:13]} {[%emt 00:01:18]} 36. Rd2 {[%clk 00:00:56]} {[%emt
00:00:14]} Bc6 {[%clk 00:01:17]} {[%emt 00:00:27]} 37. Ke3 {[%clk 00:00:48]}
{[%emt 00:00:37]} Ke5 {[%clk 00:01:24]} {[%emt 00:00:23]} 38. Re2 {[%clk
00:00:41]} {[%emt 00:00:37]} Rh1 {[%clk 00:00:48]} {[%emt 00:01:06]} 39. Bd3
{[%clk 00:00:37]} {[%emt 00:00:35]} Rd1 {[%clk 00:00:46]} {[%emt 00:00:31]} 40.
Bc2 {[%clk 00:00:35]} {[%emt 00:00:32]} Rh1 {[%clk 00:00:44]} {[%emt 00:00:32]}
41. Kf2+ {[%clk 00:00:45]} {[%emt 00:00:20]} Kd6 {[%clk 00:00:54]} {[%emt
00:00:20]} 42. Kg3 {[%clk 00:00:47]} {[%emt 00:00:28]} Rh4 {[%clk 00:00:50]}
{[%emt 00:00:34]} 43. Bf5 {[%clk 00:00:39]} {[%emt 00:00:38]} Rf4 {[%clk
00:27:26]} {[%emt 00:03:53]} 44. Bc2 {[%clk 00:27:50]} {[%emt 00:03:20]} Bb5
{[%clk 00:26:42]} {[%emt 00:01:14]} 45. Rd2 {[%clk 00:27:20]} {[%emt 00:00:59]}
a5 {[%clk 00:24:53]} {[%emt 00:02:20]} 46. Kf2 {[%clk 00:25:00]} {[%emt
00:02:50]} Rh4 {[%clk 00:23:49]} {[%emt 00:01:34]} 47. g3 {[%clk 00:14:19]}
{[%emt 00:11:11]} Rh2+ {[%clk 00:24:07]} {[%emt 00:00:12]} 48. Ke3 {[%clk
00:14:44]} {[%emt 00:00:05]} Rh3 {[%clk 00:24:33]} {[%emt 00:00:04]} 49. Bf5
{[%clk 00:11:50]} {[%emt 00:03:25]} Rh8 {[%clk 00:20:23]} {[%emt 00:04:40]} 50.
f4 {[%clk 00:07:28]} {[%emt 00:04:51]} Rf8 {[%clk 00:19:35]} {[%emt 00:01:18]}
51. g4 {[%clk 00:07:10]} {[%emt 00:00:48]} gxf4+ {[%clk 00:18:54]} {[%emt
00:01:10]} 52. Kxf4 {[%clk 00:07:36]} {[%emt 00:00:05]} a4 {[%clk 00:17:14]}
{[%emt 00:02:11]} 53. Rg2 {[%clk 00:04:36]} {[%emt 00:03:29]} d4 {[%clk
00:13:54]} {[%emt 00:03:50]} 54. Rh2 {[%clk 00:01:54]} {[%emt 00:03:12]} Kc5
{[%clk 00:13:24]} {[%emt 00:01:00]} 55. Rc2+ {[%clk 00:00:59]} {[%emt
00:01:25]} Kd5 {[%clk 00:08:25]} {[%emt 00:05:29]} 56. Rc8 {[%clk 00:00:49]}
{[%emt 00:00:39]} Rf7 {[%clk 00:03:13]} {[%emt 00:05:42]} 57. Rd8+ {[%clk
00:01:07]} {[%emt 00:00:12]} Kc5 {[%clk 00:02:38]} {[%emt 00:01:06]} 58. Rc8+
{[%clk 00:00:44]} {[%emt 00:00:53]} Kb4 {[%clk 00:01:29]} {[%emt 00:01:38]} 59.
Ke4 {[%clk 00:00:39]} {[%emt 00:00:35]} d3 {[%clk 00:01:13]} {[%emt 00:00:47]}
60. Rd8 {[%clk 00:00:36]} {[%emt 00:00:32]} a3 {[%clk 00:01:23]} {[%emt
00:00:20]} 61. Rd4+ {[%clk 00:00:50]} {[%emt 00:00:15]} Ka5 {[%clk 00:01:15]}
{[%emt 00:00:40]} 62. bxa3 {[%clk 00:00:51]} {[%emt 00:00:28]} Kb6 {[%clk
00:00:36]} {[%emt 00:01:09]} 63. a4 {[%clk 00:00:48]} {[%emt 00:00:33]} Ba6
{[%clk 00:00:53]} {[%emt 00:00:13]} 64. Kd5 {[%clk 00:00:56]} {[%emt 00:00:22]}
Rf8 {[%clk 00:00:31]} {[%emt 00:00:52]} 65. Bxd3 {[%clk 00:00:40]} {[%emt
00:00:46]} Rd8+ {[%clk 00:00:32]} {[%emt 00:00:31]} 66. Ke4 {[%clk 00:00:50]}
{[%emt 00:00:17]} Re8+ {[%clk 00:00:56]} {[%emt 00:00:07]} 67. Kf4 {[%clk
00:00:52]} {[%emt 00:00:27]} Kc5 {[%clk 00:01:14]} {[%emt 00:00:14]} 68. Re4
{[%clk 00:00:46]} {[%emt 00:00:35]} Rf8+ {[%clk 00:01:20]} {[%emt 00:00:24]} 69.
Ke3 {[%clk 00:01:03]} {[%emt 00:00:12]} Bxd3 {[%clk 00:01:42]} {[%emt
00:00:09]} 70. Kxd3 {[%clk 00:01:28]} {[%emt 00:00:04]} Rf3+ {[%clk 00:02:07]}
{[%emt 00:00:06]} 71. Re3 {[%clk 00:00:39]} {[%emt 00:01:19]} Rf4 {[%clk
00:02:02]} {[%emt 00:00:35]} 72. Rg3 {[%clk 00:00:40]} {[%emt 00:00:28]} Rxa4
{[%clk 00:02:25]} {[%emt 00:00:08]} 73. Rg2 {[%clk 00:01:04]} {[%emt 00:00:05]}
Kd5 {[%clk 00:02:47]} {[%emt 00:00:09]} 74. Kc3 {[%clk 00:01:05]} {[%emt
00:00:30]} Kc5 {[%clk 00:02:13]} {[%emt 00:01:04]} 75. g5 {[%clk 00:00:56]}
{[%emt 00:00:37]} Ra3+ {[%clk 00:01:12]} {[%emt 00:01:32]} 76. Kb2 {[%clk
00:01:19]} {[%emt 00:00:07]} Ra8 {[%clk 00:00:36]} {[%emt 00:01:07]} 77. g6
{[%clk 00:01:40]} {[%emt 00:00:08]} Rg8 {[%clk 00:01:02]} {[%emt 00:00:04]} 78.
g7 {[%clk 00:01:40]} {[%emt 00:00:30]} Kc6 {[%clk 00:00:57]} {[%emt 00:00:36]}
79. Kc3 {[%clk 00:01:56]} {[%emt 00:00:13]} Kd7 {[%clk 00:01:03]} {[%emt
00:00:24]} 80. Kd4 {[%clk 00:02:16]} {[%emt 00:00:10]} Ke6 {[%clk 00:01:02]}
{[%emt 00:00:31]} 81. Kc5 {[%clk 00:02:30]} {[%emt 00:00:15]} Kd7 {[%clk
00:01:10]} {[%emt 00:00:23]} 82. Kb6 {[%clk 00:02:22]} {[%emt 00:00:38]} Kc8
{[%clk 00:01:36]} {[%emt 00:00:04]} 83. Rg3 {[%clk 00:02:39]} {[%emt 00:00:13]}
1-0

[Event "TIPC 2019 Groupe A"]
[Site ""]
[Date "2019.07.27"]
[Round "1.31"]
[White "Vernimmen, Pierre"]
[Black "Huynh, Laurent"]
[Result "1/2-1/2"]
[WhiteElo "1911"]
[BlackElo "2111"]


1. d4 {[%clk 01:30:57]} Nf6 {[%clk 01:30:56]} {[%emt 00:00:04]} 2. c4 {[%clk
01:31:19]} {[%emt 00:00:09]} e6 {[%clk 01:31:21]} {[%emt 00:00:04]} 3. g3
{[%clk 01:31:40]} {[%emt 00:00:09]} d5 {[%clk 01:30:34]} {[%emt 00:01:18]} 4.
Nf3 {[%clk 01:31:53]} {[%emt 00:00:17]} Be7 {[%clk 01:30:53]} {[%emt 00:00:10]}
5. Bg2 {[%clk 01:32:18]} {[%emt 00:00:06]} O-O {[%clk 01:31:17]} {[%emt
00:00:07]} 6. O-O {[%clk 01:32:27]} {[%emt 00:00:19]} Nbd7 {[%clk 01:30:14]}
{[%emt 00:01:34]} 7. Ne5 {[%clk 01:23:52]} {[%emt 00:09:05]} c6 {[%clk
01:27:49]} {[%emt 00:02:56]} 8. b3 {[%clk 01:21:32]} {[%emt 00:02:49]} Nxe5
{[%clk 01:12:34]} {[%emt 00:15:45]} 9. dxe5 {[%clk 01:20:53]} {[%emt 00:01:09]}
Nd7 {[%clk 01:13:02]} {[%emt 00:00:02]} 10. cxd5 {[%clk 01:14:56]} {[%emt
00:06:28]} exd5 {[%clk 01:12:01]} {[%emt 00:01:30]} 11. Bb2 {[%clk 01:13:50]}
{[%emt 00:01:35]} f6 {[%clk 01:11:54]} {[%emt 00:00:37]} 12. exf6 {[%clk
01:06:01]} {[%emt 00:08:19]} Bxf6 {[%clk 01:12:13]} {[%emt 00:00:11]} 13. Qc2
{[%clk 00:58:13]} {[%emt 00:08:17]} Bxb2 {[%clk 01:09:47]} {[%emt 00:02:57]} 14.
Qxb2 {[%clk 00:58:29]} {[%emt 00:00:14]} Nf6 {[%clk 01:10:11]} {[%emt
00:00:05]} 15. Nd2 {[%clk 00:52:35]} {[%emt 00:06:22]} Bf5 {[%clk 01:06:52]}
{[%emt 00:03:50]} 16. e3 {[%clk 00:45:45]} {[%emt 00:07:21]} Qe8 {[%clk
01:03:55]} {[%emt 00:03:27]} 17. Qd4 {[%clk 00:19:11]} {[%emt 00:27:05]} Qh5
{[%clk 01:03:29]} {[%emt 00:00:55]} 18. e4 {[%clk 00:13:46]} {[%emt 00:05:55]}
Bh3 {[%clk 00:52:21]} {[%emt 00:11:37]} 19. f3 {[%clk 00:11:18]} {[%emt
00:02:59]} dxe4 {[%clk 00:39:04]} {[%emt 00:13:47]} 20. Nxe4 {[%clk 00:09:24]}
{[%emt 00:02:24]} Nxe4 {[%clk 00:38:28]} {[%emt 00:01:06]} 21. Qxe4 {[%clk
00:09:04]} {[%emt 00:00:51]} Qc5+ {[%clk 00:37:53]} {[%emt 00:01:05]} 22. Kh1
{[%clk 00:08:31]} {[%emt 00:01:03]} Bf5 {[%clk 00:33:47]} {[%emt 00:04:36]} 23.
Qc4+ {[%clk 00:06:29]} {[%emt 00:02:32]} Qxc4 {[%clk 00:33:59]} {[%emt
00:00:19]} 24. bxc4 {[%clk 00:06:54]} {[%emt 00:00:04]} Rad8 {[%clk 00:32:29]}
{[%emt 00:02:01]} 25. Rfd1 {[%clk 00:04:28]} {[%emt 00:02:55]} Bc2 {[%clk
00:32:01]} {[%emt 00:00:58]} 26. Rxd8 {[%clk 00:04:09]} {[%emt 00:00:49]} Rxd8
{[%clk 00:32:29]} {[%emt 00:00:02]} 27. Re1 {[%clk 00:03:51]} {[%emt 00:00:48]}
Kf8 {[%clk 00:32:12]} {[%emt 00:00:47]} 28. Bh3 {[%clk 00:03:17]} {[%emt
00:01:04]} c5 {[%clk 00:27:32]} {[%emt 00:05:11]} 29. Be6 {[%clk 00:01:58]}
{[%emt 00:01:48]} Rd2 {[%clk 00:25:21]} {[%emt 00:02:41]} 30. Re3 {[%clk
00:01:02]} {[%emt 00:01:27]} b6 {[%clk 00:23:57]} {[%emt 00:01:53]} 31. Ra3
{[%clk 00:01:11]} {[%emt 00:00:21]} a5 {[%clk 00:24:01]} {[%emt 00:00:27]} 32.
Re3 {[%clk 00:01:00]} {[%emt 00:00:41]} Rd3 {[%clk 00:23:14]} {[%emt 00:01:16]}
33. Rxd3 {[%clk 00:01:13]} {[%emt 00:00:17]} Bxd3 {[%clk 00:23:43]} {[%emt
00:00:01]} 34. Kg2 {[%clk 00:01:08]} {[%emt 00:00:35]} Ke7 {[%clk 00:24:07]}
{[%emt 00:00:05]} 35. Bg8 {[%clk 00:01:22]} {[%emt 00:00:16]} Kd6 {[%clk
00:23:16]} {[%emt 00:01:21]} 36. Kf2 {[%clk 00:01:09]} {[%emt 00:00:42]} h6
{[%clk 00:21:30]} {[%emt 00:02:17]} 37. Ke3 {[%clk 00:01:27]} {[%emt 00:00:12]}
Bf5 {[%clk 00:21:21]} {[%emt 00:00:39]} 38. Kf4 {[%clk 00:01:22]} {[%emt
00:00:36]} Bd7 {[%clk 00:21:45]} {[%emt 00:00:05]} 39. Ke3 {[%clk 00:01:05]}
{[%emt 00:00:47]} Bc6 {[%clk 00:21:22]} {[%emt 00:00:54]} 40. Bh7 {[%clk
00:00:51]} {[%emt 00:00:44]} Ke5 {[%clk 00:18:51]} {[%emt 00:03:01]} 41. Bd3
{[%clk 00:29:21]} {[%emt 00:01:59]} Bd7 {[%clk 00:47:26]} {[%emt 00:01:55]} 42.
Be2 {[%clk 00:29:02]} {[%emt 00:00:48]} Be6 {[%clk 00:47:07]} {[%emt 00:00:48]}
43. a3 {[%clk 00:29:10]} {[%emt 00:00:23]} Bd7 {[%clk 00:47:20]} {[%emt
00:00:18]} 44. Bd3 {[%clk 00:29:22]} {[%emt 00:00:18]} Kd6 {[%clk 00:46:29]}
{[%emt 00:01:21]} 45. Be2 {[%clk 00:29:22]} {[%emt 00:00:30]} Be6 {[%clk
00:46:52]} {[%emt 00:00:07]} 46. Bd3 {[%clk 00:29:26]} {[%emt 00:00:26]} Bf7
{[%clk 00:45:50]} {[%emt 00:01:32]} 47. Be2 {[%clk 00:29:25]} {[%emt 00:00:31]}
a4 {[%clk 00:46:00]} {[%emt 00:00:20]} 48. Bd3 {[%clk 00:28:12]} {[%emt
00:01:43]} Be6 {[%clk 00:45:06]} {[%emt 00:01:24]} 1/2-1/2